Математика 1.1 (ЭНИН): электронный курс

Bibliografiske detaljer
Hovedforfatter: Манешева Р. А. Римма Ахматовна
Institution som forfatter: Национальный исследовательский Томский политехнический университет Физико-технический институт Кафедра высшей математики и математической физики
Andre forfattere: Елизарова М. А. Мария Александровна
Summary:Заглавие с экрана
В курсе Математика 1.1 рассматриваются 6 модулей: Линейная алгебра, Векторная алгебра, Аналитическая геометрия, Введение в анализ, Дифференциальное исчисление функции одной переменной, Дифференциальное исчисление функции нескольких переменных.
Доступ по логину и паролю
Sprog:russisk
Udgivet: Томск, TPU Moodle, 2015
Fag:
Online adgang:https://design.lms.tpu.ru/course/view.php?id=222
Format: MixedMaterials Electronisk Bog
KOHA link:https://koha.lib.tpu.ru/cgi-bin/koha/opac-detail.pl?biblionumber=665468

MARC

LEADER 00000nlm0a2200000 4500
001 665468
005 20240129163451.0
035 |a (RuTPU)RU\TPU\network\36667 
035 |a RU\TPU\network\36615 
090 |a 665468 
100 |a 20211008d2015 m y0rusy50 ca 
101 0 |a rus 
102 |a RU 
105 |a a j 000zy 
135 |a jrcn ---uucaa 
181 0 |a i  
182 0 |a b 
200 1 |a Математика 1.1 (ЭНИН)  |e электронный курс  |f Р. А. Манешева, М. А. Елизарова  |g Национальный исследовательский Томский политехнический университет, Физико-технический институт, Кафедра высшей математики и математической физики 
203 |a Текст  |c электронный 
210 |a Томск  |c TPU Moodle  |d 2015 
300 |a Заглавие с экрана 
330 |a В курсе Математика 1.1 рассматриваются 6 модулей: Линейная алгебра, Векторная алгебра, Аналитическая геометрия, Введение в анализ, Дифференциальное исчисление функции одной переменной, Дифференциальное исчисление функции нескольких переменных. 
333 |a Доступ по логину и паролю 
606 1 |a Математика  |2 stltpush  |3 (RuTPU)RU\TPU\subj\67327  |9 83171 
610 1 |a электронный ресурс 
610 1 |a труды учёных ТПУ 
610 1 |a электронные учебные пособия 
610 1 |a учебные пособия 
610 1 |a Moodle 
610 1 |a e-learning 
610 1 |a матрицы 
610 1 |a миноры 
610 1 |a алгебраическое дополнение 
610 1 |a системы линейных уравнений 
610 1 |a метод Гаусса 
610 1 |a метод Крамера 
610 1 |a скалярное произведение 
610 1 |a дифференциалы 
675 |a 51(075.8)  |v 4 
700 1 |a Манешева  |b Р. А.  |c математик  |c доцент Томского политехнического университета, кандидат физико-математических наук  |f 1961-  |g Римма Ахматовна  |3 (RuTPU)RU\TPU\pers\34076 
701 1 |a Елизарова  |b М. А.  |c математик  |c доцент Томского политехнического университета, кандидат физико-математических наук  |f 1971-  |g Мария Александровна  |3 (RuTPU)RU\TPU\pers\36277  |9 19352 
712 0 2 |a Национальный исследовательский Томский политехнический университет  |b Физико-технический институт  |b Кафедра высшей математики и математической физики  |3 (RuTPU)RU\TPU\col\18727 
801 2 |a RU  |b 63413507  |c 20220404  |g RCR 
856 4 |u https://design.lms.tpu.ru/course/view.php?id=222 
942 |c CF